Culture Générale - Série 91 - Statistiques

Statistiques générales
  • Ce quiz a été pris 756 fois
  • Le résultat moyen est 6 sur 10
Statistiques - réponses
Question Réponse % Correct
Combien de jours comporte une année bissextile ? 366
97%
Combien de livres composent "A la recherche du temps perdu" de Proust ? 7
86%
Quel sirop consommez-vous si vous buvez un Monaco ? Grenadine
85%
Quel géant de la mythologie grecque a été condamné à soutenir le ciel ? Atlas
80%
Quel Inconnu joue dans "Les 3 frères" aux côtés de Légitimus et de Campan ? Didier Bourdon
71%
Quel surnom, lié à ses origines, a-t-on donné à Marie-Antoinette ? L'Autrichienne
63%
Quel était l'instrument de prédilection de Yehudi Menuhin ? Violon
55%
Quel bruit fait un flipper quand on le secoue trop ? Tilt
43%
Dans quel pays se trouve la ville de Tobrouk ? Libye
29%
Quel couple de petits personnages rouge et bleu s'anime en 1974 ? Chapi Chapo
22%
Aucun quiz correspondant
Distribution des résultats
% des personnes avec chaque résultat
Percentile par nombre de réponses
Votre historique - résultats
Vous n’avez pas pris ce quiz